000 00894cab a2200277 4500
001 ABS55607
008 090401t1996 xxu||||| |||| 00| 0 eng d
035 _a(Sirsi) u17541
041 _aeng
100 _aShea, C.
245 _aPart performance may still exist
260 _c1996
350 _a0
490 _aProperty Week
_v56(4) 26 July 1996, 21(1)
520 _aAsks, in the light of "Singh v Beggs", whether the practice of part performance in relation to contracts for sale or other disposition of land, has really been abolished.
650 _aLAW OF PROPERTY ACT 1925 S40
650 _aLAW OF PROPERTY MISCELLANEOUS PROVISIONS ACT 1989 S2
650 _aPART PERFORMANCE
650 _aPROPRIETARY ESTOPPEL
650 _aSALE OF LAND
650 _aSINGH V BEGGS
690 _aPROPERTY LAW AND PRACTICE
700 _aTanney, A.
942 _n0
948 _c04/03/1997
999 _c11634
_d11634